<?xml version="1.0" encoding="UTF-8"?>
<record
    xmlns:xsi="http://www.w3.org/2001/XMLSchema-instance"
    xsi:schemaLocation="http://www.loc.gov/MARC21/slim http://www.loc.gov/standards/marcxml/schema/MARC21slim.xsd"
    xmlns="http://www.loc.gov/MARC21/slim">

  <leader>00735nam a22002177a 4500</leader>
  <controlfield tag="003">OSt</controlfield>
  <controlfield tag="005">20150408114126.0</controlfield>
  <controlfield tag="008">130313s    2011mau||||g |||| 00| 0 eng d</controlfield>
  <datafield tag="020" ind1=" " ind2=" ">
    <subfield code="a">9780132174220</subfield>
  </datafield>
  <datafield tag="040" ind1=" " ind2=" ">
    <subfield code="a">Ma-un</subfield>
  </datafield>
  <datafield tag="082" ind1=" " ind2=" ">
    <subfield code="a">658.15</subfield>
    <subfield code="b">TSF</subfield>
  </datafield>
  <datafield tag="100" ind1=" " ind2=" ">
    <subfield code="a">Titman, Sheridan.</subfield>
    <subfield code="9">18162</subfield>
  </datafield>
  <datafield tag="245" ind1=" " ind2=" ">
    <subfield code="a">Financial management :</subfield>
    <subfield code="b">principles and applications /</subfield>
    <subfield code="c">Sheridan Titman, Arthur J. Keown, John D. Martin.</subfield>
  </datafield>
  <datafield tag="250" ind1=" " ind2=" ">
    <subfield code="a">Eleventh Edition</subfield>
  </datafield>
  <datafield tag="260" ind1=" " ind2=" ">
    <subfield code="a">Boston, Mass. :</subfield>
    <subfield code="b">Prentice Hall,</subfield>
    <subfield code="c">2011</subfield>
  </datafield>
  <datafield tag="300" ind1=" " ind2=" ">
    <subfield code="a">1 volume (various pagings) :</subfield>
    <subfield code="b">illustrations, maps ;</subfield>
    <subfield code="c">28 cm</subfield>
  </datafield>
  <datafield tag="504" ind1=" " ind2=" ">
    <subfield code="a">Includes bibliographical references and index.</subfield>
  </datafield>
  <datafield tag="650" ind1=" " ind2=" ">
    <subfield code="a">Corporations |x Finance.</subfield>
    <subfield code="9">34264</subfield>
  </datafield>
  <datafield tag="700" ind1=" " ind2=" ">
    <subfield code="a">Keown, Arthur J.</subfield>
    <subfield code="9">34265</subfield>
  </datafield>
  <datafield tag="942" ind1=" " ind2=" ">
    <subfield code="2">ddc</subfield>
    <subfield code="c">BOOK</subfield>
  </datafield>
  <datafield tag="999" ind1=" " ind2=" ">
    <subfield code="c">29009</subfield>
    <subfield code="d">263509</subfield>
  </datafield>
  <datafield tag="952" ind1=" " ind2=" ">
    <subfield code="1">0</subfield>
    <subfield code="2">2013-03-13</subfield>
    <subfield code="4">0</subfield>
    <subfield code="7">1</subfield>
    <subfield code="a">658.15 TSF</subfield>
    <subfield code="c">1</subfield>
    <subfield code="d">2013-03-13</subfield>
    <subfield code="h">CL</subfield>
    <subfield code="i">00304880</subfield>
    <subfield code="m">CL</subfield>
    <subfield code="r">2013-03-13 00:00:00</subfield>
    <subfield code="t">BOOK</subfield>
    <subfield code="w">ddc</subfield>
    <subfield code="y">0</subfield>
  </datafield>
  <datafield tag="952" ind1=" " ind2=" ">
    <subfield code="1">0</subfield>
    <subfield code="2">2013-03-13</subfield>
    <subfield code="4">0</subfield>
    <subfield code="7">0</subfield>
    <subfield code="a">658.15 TSF</subfield>
    <subfield code="c">2</subfield>
    <subfield code="d">2013-03-13</subfield>
    <subfield code="h">CL</subfield>
    <subfield code="i">00304881</subfield>
    <subfield code="m">CL</subfield>
    <subfield code="q">2017-11-23</subfield>
    <subfield code="r">2017-12-06 00:00:00</subfield>
    <subfield code="t">BOOK</subfield>
    <subfield code="w">ddc</subfield>
    <subfield code="y">1</subfield>
  </datafield>
  <datafield tag="952" ind1=" " ind2=" ">
    <subfield code="1">0</subfield>
    <subfield code="2">2013-03-13</subfield>
    <subfield code="4">0</subfield>
    <subfield code="7">0</subfield>
    <subfield code="a">658.15 TSF</subfield>
    <subfield code="c">3</subfield>
    <subfield code="d">2013-03-13</subfield>
    <subfield code="h">CL</subfield>
    <subfield code="i">00304882</subfield>
    <subfield code="m">CL</subfield>
    <subfield code="o">1</subfield>
    <subfield code="q">2023-04-06</subfield>
    <subfield code="r">2023-12-27 00:00:00</subfield>
    <subfield code="t">BOOK</subfield>
    <subfield code="w">ddc</subfield>
    <subfield code="y">1</subfield>
  </datafield>
  <datafield tag="952" ind1=" " ind2=" ">
    <subfield code="1">0</subfield>
    <subfield code="2">2013-03-13</subfield>
    <subfield code="4">0</subfield>
    <subfield code="7">1</subfield>
    <subfield code="a">658.15 TSF</subfield>
    <subfield code="c">1</subfield>
    <subfield code="d">2013-03-13</subfield>
    <subfield code="h">EMF</subfield>
    <subfield code="i">00304883</subfield>
    <subfield code="m">EMF</subfield>
    <subfield code="r">2013-03-13 00:00:00</subfield>
    <subfield code="t">BOOK</subfield>
    <subfield code="w">ddc</subfield>
    <subfield code="y">0</subfield>
  </datafield>
  <datafield tag="952" ind1=" " ind2=" ">
    <subfield code="1">0</subfield>
    <subfield code="2">2013-03-13</subfield>
    <subfield code="4">0</subfield>
    <subfield code="7">0</subfield>
    <subfield code="a">658.15 TSF</subfield>
    <subfield code="c">2</subfield>
    <subfield code="d">2013-03-13</subfield>
    <subfield code="h">EMF</subfield>
    <subfield code="i">00304884</subfield>
    <subfield code="m">EMF</subfield>
    <subfield code="r">2013-03-13 00:00:00</subfield>
    <subfield code="t">BOOK</subfield>
    <subfield code="w">ddc</subfield>
    <subfield code="y">0</subfield>
  </datafield>
  <datafield tag="952" ind1=" " ind2=" ">
    <subfield code="1">0</subfield>
    <subfield code="2">2013-03-13</subfield>
    <subfield code="4">0</subfield>
    <subfield code="7">1</subfield>
    <subfield code="a">658.15 TSF</subfield>
    <subfield code="c">1</subfield>
    <subfield code="d">2013-03-13</subfield>
    <subfield code="h">EZF</subfield>
    <subfield code="i">00304885</subfield>
    <subfield code="m">EZF</subfield>
    <subfield code="r">2013-03-13 00:00:00</subfield>
    <subfield code="t">BOOK</subfield>
    <subfield code="w">ddc</subfield>
    <subfield code="y">0</subfield>
  </datafield>
  <datafield tag="952" ind1=" " ind2=" ">
    <subfield code="1">0</subfield>
    <subfield code="2">2013-03-13</subfield>
    <subfield code="4">0</subfield>
    <subfield code="7">0</subfield>
    <subfield code="a">658.15 TSF</subfield>
    <subfield code="c">2</subfield>
    <subfield code="d">2013-03-13</subfield>
    <subfield code="h">EZF</subfield>
    <subfield code="i">00304886</subfield>
    <subfield code="m">EZF</subfield>
    <subfield code="r">2013-03-13 00:00:00</subfield>
    <subfield code="t">BOOK</subfield>
    <subfield code="w">ddc</subfield>
    <subfield code="y">0</subfield>
  </datafield>
  <datafield tag="952" ind1=" " ind2=" ">
    <subfield code="1">0</subfield>
    <subfield code="2">2013-03-13</subfield>
    <subfield code="4">0</subfield>
    <subfield code="7">1</subfield>
    <subfield code="a">658.15 TSF</subfield>
    <subfield code="c">1</subfield>
    <subfield code="d">2013-03-13</subfield>
    <subfield code="h">IC</subfield>
    <subfield code="i">00304887</subfield>
    <subfield code="m">IC</subfield>
    <subfield code="r">2013-03-13 00:00:00</subfield>
    <subfield code="t">BOOK</subfield>
    <subfield code="w">ddc</subfield>
    <subfield code="y">0</subfield>
  </datafield>
  <datafield tag="952" ind1=" " ind2=" ">
    <subfield code="1">0</subfield>
    <subfield code="2">2013-03-13</subfield>
    <subfield code="4">0</subfield>
    <subfield code="7">0</subfield>
    <subfield code="a">658.15 TSF</subfield>
    <subfield code="c">2</subfield>
    <subfield code="d">2013-03-13</subfield>
    <subfield code="h">IC</subfield>
    <subfield code="i">00304888</subfield>
    <subfield code="m">IC</subfield>
    <subfield code="r">2013-03-13 00:00:00</subfield>
    <subfield code="t">BOOK</subfield>
    <subfield code="w">ddc</subfield>
    <subfield code="y">0</subfield>
  </datafield>
</record>
